006920000a22002530004500440002200000500002700022650001300049650002600062650001000088650001600098650001900114651001000133082002000143518001100163530000800174100002000182100002300202100002200225245008200247260007400329260000900403041000800412300001800420 aField documentb2 aText is in Nepali also aForestry aCommunity development aTrees aPlantations aForest nursery aNepal a634.9bSh84mcN a940110 aRep aShrestha, K. B. aTuladhar, L. B. S. aTyystiarvi, P. K. aManual on nursery and plantation practices for community forestry development aKathmandubHMG/UNDP/FAO,Community Forestry Development Project, Nepal cn.d. aEng av,80p.billus